000 00543nam a2200169 4500
001 132045
003 ES-MaACL
005 20230906194108.0
007 t|
008 070214s1981 sp r ||||1| spa d
100 1 _aRodríguez Rodríguez, Vicente.
_998771
245 1 3 _aLa desamortización de Mendizabal en La Sagra /
_cVicente Rodríguez Rodríguez.
260 _aToledo :
_bCaja de Ahorro Provincial,
_c1981.
300 _a143 p. ;
_c22 cm.
710 2 _aCaja de Ahorro Provincial (Toledo)
_92279
852 _aES-MaACL
_jL-4635
_bR.105520
999 _c132045
_d132045